Desarrollo de la habilidad de ubicación espacio-temporal en historia y geografía: unidades I y II. 1erp. a 4to. año educación general básica
Kaydedildi:
| Asıl Yazarlar: | , |
|---|---|
| Materyal Türü: | Kitap |
| Dil: | İspanyolca |
| Baskı/Yayın Bilgisi: |
Santiago
C.P.E.I.P
1985
|
| Seri Bilgileri: | Perfeccionamiento docente a distancia
|
| Konular: | |
| Etiketler: |
Etiketle
Etiket eklenmemiş, İlk siz ekleyin!
|
MARC
| LEADER | 00000nam a2200000 a 4500 | ||
|---|---|---|---|
| 001 | UCW5124 | ||
| 003 | CL-VaPUC | ||
| 008 | 901205e19850000CL |||||||||||||||||spa|d | ||
| 082 | 0 | 4 | |a 372.89 |b DUC |2 21 |
| 100 | 0 | |a Duchens Soto, Nancy |e author |9 310003 | |
| 700 | 0 | |a Frei Ruiz-Tagle, María Irene |e author |9 310004 | |
| 245 | 1 | 0 | |a Desarrollo de la habilidad de ubicación espacio-temporal en historia y geografía: unidades I y II. 1erp. a 4to. año educación general básica |
| 300 | |a 68 p | ||
| 942 | |c BK | ||
| 945 | |d 19901205 00:00:00 | ||
| 260 | |a Santiago |b C.P.E.I.P |c 1985 | ||
| 650 | 0 | |a Enseñanza de la historia |9 307330 | |
| 650 | 0 | |a Enseñanza de la geografía |9 310005 | |
| 583 | |a last modification |c 20160914 10:15:59 |k Rodrigo Vera | ||
| 490 | 0 | |a Perfeccionamiento docente a distancia | |
| 999 | |c 218633 |d 218631 | ||
| 952 | |0 0 |1 0 |4 0 |6 372_890000000000000_DUC_1985 |7 0 |8 P |9 208473 |a BIBEDU |b BIBEDU |c BIBEDU_PB |d 2019-11-15 |i 2763745 |o 372.89 DUC 1985 |p 2763745 |r 2024-01-25 |w 2019-11-15 |y BK |k EDU | ||